| 000 | 00460nam a22001697a 4500 | ||
|---|---|---|---|
| 005 | 20241025155403.0 | ||
| 008 | 241025b |||||||| |||| 00| 0 eng d | ||
| 020 | _a9780414024960 | ||
| 050 |
_aKD1957 _bC65J39 |
||
| 100 |
_aJay, Rosemary _d2012 |
||
| 245 |
_aData Protection Law and Practice/ _hText |
||
| 250 | _aFourth Edition | ||
| 260 |
_aLondon _bSweet & Maxwell _c2012 |
||
| 300 |
_alxxxii, 1330 pages. _bIndex _c24 cm |
||
| 650 | _2Law | ||
| 942 |
_2lcc _cBK _n0 |
||
| 999 |
_c204 _d204 |
||